| 000 | 01377nam a2200325 i 4500 | ||
|---|---|---|---|
| 003 | EG-GICUC | ||
| 005 | 20260127134624.0 | ||
| 008 | 260127s2005 ua ||||fr|||| 001 0 ara d | ||
| 017 | _a2005/19025 | ||
| 040 |
_a EG-GICUC _bara _c EG-GICUC _d EG-GICUC _erda |
||
| 041 | _aara | ||
| 082 | 0 | 4 |
_a343.413 _bع م . و _221 |
| 092 | 0 | 4 | _221 |
| 099 | _aLaw1 10 343.413 ع م . و 1 ed - 2005 1006544 | ||
| 100 | 0 |
_aعادل علي المانع. _eمؤلف. |
|
| 245 | 1 | 2 |
_aالوجيز في شرح قانون العقوبات الضريبي الجديد رقم 91 لسنة 2005 بشأن الضريبة على الدخل : _bمعلقا عليه بالفقه وأحكام النقض / _cتأليف عماد إبراهيم الفقي. |
| 250 | _aالطبعة الأولى، | ||
| 264 | 1 |
_aالقاهرة : _bدار النهضة العربية، _c2005. |
|
| 300 |
_a171 صفحة ؛ _c24 سم. _bإيضاحيات، صور، مثيليات ؛ |
||
| 336 |
_2rda content _atext |
||
| 337 |
_2rda media _aComputer |
||
| 338 |
_2rda carrier _aOnline Resource |
||
| 504 | _aيشتمل على ارجاعات ببليوجرافية. | ||
| 546 | _aالنص باللغة العربية | ||
| 650 | 1 |
_aقانون العقوبات الضريبي. _2qrmak |
|
| 651 | 1 | _2qrmak | |
| 856 | 4 | 0 | _uhttps://fll.law.cu.edu.eg/fulltext/bks/B10-06544.pdf |
| 905 | _a18 | ||
| 942 |
_2ddc _n0 _cBK _e21 |
||
| 999 |
_c59584 _d59584 |
||